书目信息 |
| 题名: |
真空手册
|
|
| 作者: | 日本真空株式会社 编 ;卢永铭 译 | |
| 分册: | ||
| 出版信息: | 北京 原子能出版社 1986.8 |
|
| 页数: | 317页 | |
| 开本: | 26cm | |
| 丛书名: | ||
| 单 册: | ||
| 中图分类: | TB7-62 | |
| 科图分类: | ||
| 主题词: | 真空技术 | |
| 电子资源: | ||
| ISBN: | ||
| 000 | 00591nam0 2200205 45 | |
| 001 | 0312221749 | |
| 005 | 20031222170907.7 | |
| 010 | @dCNY4.15 | |
| 100 | @a20031222d1986 km y0chiy0120 ea | |
| 101 | @achi | |
| 105 | @a z 000yy | |
| 200 | 1 | @a真空手册@AZhen Kong Shou Ce@f日本真空株式会社编@FRi Ben Zhen Kong Zhu Shi Hui She Bian@g卢永铭等译 |
| 210 | @a北京@c原子能出版社@d1986.8 | |
| 215 | @a317页@d26cm | |
| 606 | 0 | @a真空技术 |
| 690 | @aTB7-62@v3 | |
| 701 | 0 | @a日本真空株式会社@4编 |
| 702 | 0 | @a卢永铭@4译 |
| 801 | @aCN@bTSTCL@c20031222 | |
| 905 | @a213230@dTB7-62@e6@b166387-389@f3 | |
| 真空手册/日本真空株式会社编/卢永铭等译.-北京:原子能出版社,1986.8 |
| 317页;26cm |
| ISBN :CNY4.15 |
| ● |
| 相关链接 |
|
|
|
|
正题名:真空手册
索取号:TB7-62/6
 
预约/预借
| 序号 | 登录号 | 条形码 | 馆藏地/架位号 | 状态 | 备注 |
| 1 | 0166387 | 000558989 | 密集书库/ [索取号:TB7-62/6] | 在馆 | |
| 2 | 0166388 | 000558970 | 工具书阅览室/ [索取号:TB7-62/6] | 在馆 | |
| 3 | 0166389 | 000558961 | 第二样本阅览室/ [索取号:TB7-62/6] | 在馆 |